| 000 | 00870cam a2200205 4500 | ||
|---|---|---|---|
| 001 | D6688 | ||
| 008 | 090401t1979 xxu||||| |||| 00| 0 eng d | ||
| 035 | _a(Sirsi) u2480 | ||
| 041 | _aeng | ||
| 050 |
_a333.339 _c18 |
||
| 100 | _aLindsey, Hugh Greville Aubrey | ||
| 245 | 4 |
_aThe effects of land ownership on the development of mineral resources in England and Wales 1760-1960... _bfor the Master of Philosophy (MPhil) degree _cthis thesis is submitted as part of the requirements of the Council for National Academic Awards for the award of the above higher degree |
|
| 260 | _c1979 | ||
| 300 |
_axxi, 241p. _c30cm |
||
| 350 | _a0 | ||
| 520 | _aThis thesis is an unpublished work and therefore cannot be photocopied without the author's permission. | ||
| 690 | _aENVIRONMENTAL AND LAND CONSULTANCY-MINERAL RESOURCE MANAGEMENT | ||
| 942 | _n0 | ||
| 948 | _c04/03/1997 | ||
| 999 |
_c85776 _d85776 |
||